000 00409nam a2200157 4500
001 113567
003 ES-MaACL
005 20230906185937.0
007 t|
008 061121s1901 fr r ||||1| fre d
100 1 _aPalante, Georges.
_988471
245 1 0 _aPrécis de Sociologie /
_cpar G. Palante.
260 _aParis :
_bFélix Alcan,
_c1901.
300 _a188 p. ;
_c19 cm.
852 _aES-MaACL
_jF-11601
999 _c113567
_d113567